| 000 | 00759nam a22001697a 4500 | ||
|---|---|---|---|
| 008 | 190826b xxu||||| |||| 00| 0 eng d | ||
| 020 | _a0801637600 | ||
| 050 | _aRT48.5.P34 | ||
| 100 | _aPagana, Kathleen Deska. | ||
| 245 |
_aPocket guide to laboratory and diagnostic tests. / _bKathleen Deska Pagana and Timothy James Pagana. |
||
| 260 |
_aSt. Louis : _bMosby, _c1986. |
||
| 300 |
_axxii, 500 p. : _bill. ; _c20 cm. |
||
| 500 | _aIncludes bibliographical references and index. | ||
| 505 | _aContents: Cardiovascular system -- Gastrointestinal system -- Hepatobiliary and pancreatic system -- Urinary system -- Endocrine system -- Reproductive system -- Hematologic system -- Routine laboratory tests. | ||
| 700 | _aPagana, Timothy James. | ||
| 942 |
_2lcc _cBK |
||
| 999 |
_c6918 _d14418 |
||